<?xml version="1.0" encoding="UTF-8"?>
<collection xmlns="http://www.loc.gov/MARC21/slim">
 <record>
  <leader>00502pamaa2200145   4500</leader>
  <controlfield tag="001">0000021547</controlfield>
  <controlfield tag="005">20061120090000.0</controlfield>
  <datafield tag="020" ind1="0" ind2="0">
   <subfield code="a">0333464788 </subfield>
  </datafield>
  <datafield tag="090" ind1="0" ind2="0">
   <subfield code="a">PR1109 </subfield>
   <subfield code="b">MAC 1989</subfield>
  </datafield>
  <datafield tag="245" ind1="0" ind2="0">
   <subfield code="a">MACMILLAN anthologies of English literature volume 3 : </subfield>
   <subfield code="b">the restoration and eighteenth century  </subfield>
   <subfield code="c">edited by Ian McGowan.</subfield>
  </datafield>
  <datafield tag="260" ind1="0" ind2="0">
   <subfield code="a">London: </subfield>
   <subfield code="b">Macmillan, </subfield>
   <subfield code="c">1989.</subfield>
  </datafield>
  <datafield tag="300" ind1=" " ind2=" ">
   <subfield code="a">xxviii, 584p.; </subfield>
   <subfield code="c">22cm.</subfield>
  </datafield>
  <datafield tag="650" ind1="0" ind2="0">
   <subfield code="a">English literature -- </subfield>
   <subfield code="x">Anthologies </subfield>
  </datafield>
  <datafield tag="700" ind1="1" ind2="1">
   <subfield code="a">McGowan, </subfield>
   <subfield code="h">Ian </subfield>
  </datafield>
  <datafield tag="740" ind1="0" ind2="4">
   <subfield code="a">The restoration and eighteenth century</subfield>
  </datafield>
 </record>
</collection>
